Countries Scooby Doo has visited - Statistics

General Stats
  • This quiz has been taken 396 times
    195 since last reset
  • The average score is 19 of 37
Answer Stats
Continent Country % Correct
Asia China
91%
North America United States of America
89%
Oceania Australia
88%
South America Brazil
88%
North America Canada
87%
North America Mexico
87%
Asia Japan
82%
Europe France
80%
Asia/ Europe Russia
80%
Europe United Kingdom
75%
Africa Egypt
74%
Europe Italy
70%
South America Argentina
65%
Europe Greece
60%
Asia India
55%
Oceania New Zealand
50%
Europe Sweden
50%
Europe Ireland
49%
Europe Finland
46%
Europe Poland
46%
Europe Austria
45%
Europe Norway
45%
Europe Denmark
43%
Asia/ Europe Turkey
41%
Europe Romania
38%
North America Haiti
34%
Africa Congo
33%
North America Costa Rica
31%
Africa Morocco
29%
Asia Thailand
28%
Europe the Netherlands
27%
Asia Iran
26%
Asia Iraq
25%
Asia Israel
25%
Asia Nepal
23%
Asia Syria
12%
Africa Malawi
7%
No matching quizzes found
Score Distribution
Percent of People with Each Score
Percentile by Number Answered
Your Score History
You have not taken this quiz since the last reset